[Event "Olympiad-41"]
[Site "Tromsoe"]
[Date "2014.08.04"]
[Round "3.3"]
[White "Orio, Rogelio L"]
[Black "Garcia, Bernardo"]
[Result "1-0"]
[WhiteElo "1755"]
[BlackElo "1769"]
[PlyCount "93"]
[EventDate "2014.08.02"]
[EventType "team-swiss"]
[EventRounds "11"]
[EventCountry "NOR"]
[SourceTitle "CBM 162"]
[Source "ChessBase"]
[SourceDate "2014.09.17"]
[SourceVersion "1"]
[SourceVersionDate "2014.09.17"]
[SourceQuality "1"]
[WhiteTeam "Guam"]
[BlackTeam "Palau"]
[WhiteTeamCountry "GMA"]
[BlackTeamCountry "PAL"]

1. d4 d5 2. Nf3 c6 3. Bf4 Nf6 4. e3 Qb6 5. b3 Bg4 6. Be2 e6 7. 0-0 Be7 8. Nbd2 0-0 9. Rc1 Nbd7 10. c4 c5 11. h3 Bxf3 12. Nxf3 cxd4 13. exd4 Ba3 14. c5 Qa5 15. Rb1 Ne4 16. Qc2 Qc3 17. Qd1 Qa5 18. Qd3 Qc3 19. Qb5 e5 20. Be3 Rfd8 21. b4 a6 22. Qxb7 exd4 23. Bxd4 Qc2 24. Rfe1 Nd2 25. Nxd2 Qxd2 26. Be3 Qxa2 27. Ra1 Qb3 28. Reb1 Qc3 29. Bxa6 Ne5 30. Be2 d4 31. Bg5 f6 32. Bf4 d3 33. Bxe5 fxe5 34. Bf3 Rab8 35. Qe7 d2 36. Qe6+ Kh8 37. Bd1 e4 38. Ra2 Qd3 39. Rb3 Qd4 40. Raxa3 Rxb4 41. Rxb4 Qxb4 42. Qb6 Qd4 43. Ra4 Qd3 44. Rxe4 Rf8 45. Re3 Qc4 46. Qd6 Kg8 47. Bb3 1-0

[Event "Olympiad-41"]
[Site "Tromsoe"]
[Date "2014.08.03"]
[Round "2.2"]
[White "Garcia, Bernardo"]
[Black "Yarmonov, Igor"]
[Result "0-1"]
[WhiteElo "1769"]
[BlackElo "2329"]
[PlyCount "38"]
[EventDate "2014.08.02"]
[EventType "team-swiss"]
[EventRounds "11"]
[EventCountry "NOR"]
[SourceTitle "CBM 162"]
[Source "ChessBase"]
[SourceDate "2014.09.17"]
[SourceVersion "1"]
[SourceVersionDate "2014.09.17"]
[SourceQuality "1"]
[WhiteTeam "Palau"]
[BlackTeam "IPCA"]
[WhiteTeamCountry "PAL"]

1. c4 e5 2. g3 Nf6 3. Bg2 Bc5 4. Nf3 e4 5. Ng5 Bxf2+ 6. Kf1 Bb6 7. b4 h6 8. Nxf7 Kxf7 9. c5 d5 10. cxb6 axb6 11. d4 Rf8 12. Ke1 Kg8 13. h3 Qd6 14. Qb3 Nc6 15. Ba3 Nxd4 16. Qc3 Nb5 17. Qb3 Be6 18. Qe3 Nxa3 19. Nxa3 Qxb4+ 0-1

[Event "Olympiad-40"]
[Site "Istanbul"]
[Date "2012.09.03"]
[Round "6.3"]
[White "Cooper, Gary"]
[Black "Garcia, Bernardo"]
[Result "0-1"]
[WhiteElo "1893"]
[BlackElo "1663"]
[PlyCount "88"]
[EventDate "2012.08.28"]
[EventType "team-swiss"]
[EventRounds "11"]
[EventCountry "TUR"]
[SourceTitle "CBM 151"]
[Source "ChessBase"]
[SourceDate "2012.11.13"]
[SourceVersion "1"]
[SourceVersionDate "2012.11.13"]
[SourceQuality "1"]
[WhiteTeam "Bermuda"]
[BlackTeam "Palau"]
[WhiteTeamCountry "BER"]
[BlackTeamCountry "PAL"]

1. e4 c5 2. Nf3 d6 3. Bb5+ Bd7 4. Bxd7+ Nxd7 5. d4 cxd4 6. Nxd4 g6 7. 0-0 Bg7 8. Be3 Ngf6 9. Nd2 0-0 10. c4 Nc5 11. f3 a6 12. Qc2 Rc8 13. b3 b5 14. Rad1 Qa5 15. Kh1 Rfe8 16. Rfe1 Nfd7 17. f4 Ne6 18. Nxe6 fxe6 19. Nf3 bxc4 20. Ng5 e5 21. Ne6 Bh8 22. f5 Nf8 23. Bd2 c3 24. Bh6 Nxe6 25. fxe6 Bg7 26. Bxg7 Kxg7 27. Rf1 Rf8 28. Rf7+ Rxf7 29. exf7 Kxf7 30. Rf1+ Kg7 31. Qf2 Qd8 32. Qf7+ Kh8 33. Qe6 c2 34. Rc1 Rc7 35. b4 Qc8 36. Qd5 Qg8 37. Qa5 Qc4 38. h3 Kg7 39. a4 Rc8 40. b5 axb5 41. axb5 Rf8 42. Kh2 Rf1 43. Qa1 Rxc1 44. Qxc1 Qb3 0-1

[Event "Olympiad-40"]
[Site "Istanbul"]
[Date "2012.09.01"]
[Round "5.3"]
[White "Mongiello, Anthony"]
[Black "Garcia, Bernardo"]
[Result "0-1"]
[WhiteElo "1622"]
[BlackElo "1663"]
[PlyCount "143"]
[EventDate "2012.08.28"]
[EventType "team-swiss"]
[EventRounds "11"]
[EventCountry "TUR"]
[SourceTitle "CBM 151"]
[Source "ChessBase"]
[SourceDate "2012.11.13"]
[SourceVersion "1"]
[SourceVersionDate "2012.11.13"]
[SourceQuality "1"]
[WhiteTeam "US Virgin Islands"]
[BlackTeam "Palau"]
[WhiteTeamCountry "ISV"]
[BlackTeamCountry "PAL"]

1. d4 Nf6 2. Nf3 e6 3. Bg5 Be7 4. e3 0-0 5. Bd3 h6 6. Bxf6 Bxf6 7. g4 g6 8. h4 Bg7 9. Nc3 c5 10. Qd2 cxd4 11. exd4 Nc6 12. Ne2 Qb6 13. c3 d5 14. Nf4 Rd8 15. 0-0-0 e5 16. Nxe5 Nxe5 17. dxe5 Bxe5 18. Rdg1 Qd6 19. Ne2 Bg7 20. f4 f5 21. gxf5 Bxf5 22. Bxf5 gxf5 23. Rg2 Rd7 24. Rhg1 Rf8 25. Ng3 Kh7 26. Nh5 Bh8 27. Rg6 Qc5 28. Qg2 Qe3+ 29. Kb1 Qe4+ 30. Ka1 Qxg2 31. R6xg2 d4 32. Rd1 d3 33. Ng3 Rff7 34. h5 Bg7 35. Rgd2 Bf8 36. Rxd3 Rxd3 37. Rxd3 Rg7 38. Kb1 Rg4 39. Rd7+ Kg8 40. Nxf5 Rxf4 41. Rd5 b6 42. Kc2 a6 43. Kd3 Kf7 44. Ke3 Rf1 45. Ng3 Rg1 46. Ne4 Be7 47. a4 Ra1 48. b3 Ra3 49. Nd2 Bg5+ 50. Kd3 Bxd2 51. Kxd2 Rxb3 52. Kc2 Ra3 53. Rd4 Ra2+ 54. Kb3 Re2 55. Rd7+ Re7 56. Rxe7+ Kxe7 57. Kc4 Kd6 58. Kd4 b5 59. a5 Kc6 60. Ke4 Kc5 61. Kf5 Kc4 62. Kg6 Kxc3 63. Kxh6 b4 64. Kg7 b3 65. h6 b2 66. h7 b1Q 67. h8Q Qb5 68. Qc8+ Kb4 69. Qd8 Qxa5 70. Qd4+ Kb3 71. Qd3+ Qc3+ 72. Qxc3+ 0-1

[Event "Olympiad-40"]
[Site "Istanbul"]
[Date "2012.08.28"]
[Round "1.3"]
[White "Nezad, Husein Aziz"]
[Black "Garcia, Bernardo"]
[Result "1-0"]
[WhiteElo "2393"]
[BlackElo "1663"]
[PlyCount "56"]
[EventDate "2012.08.28"]
[EventType "team-swiss"]
[EventRounds "11"]
[EventCountry "TUR"]
[SourceTitle "CBM 151"]
[Source "ChessBase"]
[SourceDate "2012.11.13"]
[SourceVersion "1"]
[SourceVersionDate "2012.11.13"]
[SourceQuality "1"]
[WhiteTeam "Qatar"]
[BlackTeam "Palau"]
[WhiteTeamCountry "QAT"]
[BlackTeamCountry "PAL"]

1. Nf3 d5 2. d4 Nf6 3. c4 c6 4. Nc3 e6 5. Bg5 Be7 6. e3 0-0 7. Bd3 dxc4 8. Bxc4 Nd5 9. Bxe7 Nxc3 10. Bxd8 Nxd1 11. Be7 Nxb2 12. Bb3 Re8 13. Ba3 Nd3+ 14. Ke2 Nxf2 15. Kxf2 a5 16. Rhc1 Bd7 17. Ne5 f6 18. Nc4 a4 19. Bd1 b5 20. Nd6 Rd8 21. Bf3 f5 22. Nxb5 Ra6 23. Nd6 g5 24. Nb7 Rc8 25. Nc5 Ra7 26. Rab1 Be8 27. Nxe6 g4 28. Be2 Bf7 1-0

[Event "Palau 3rd"]
[Site "Koror"]
[Date "2011.12.17"]
[Round "6"]
[White "Garcia, Bernardo"]
[Black "Manuel, Menandro"]
[Result "0-1"]
[WhiteElo "1661"]
[BlackElo "1891"]
[PlyCount "77"]
[EventDate "2011.12.14"]
[EventType "tourn"]
[EventRounds "9"]
[EventCountry "AUS"]
[SourceTitle "CBM 146 Extra"]
[Source "ChessBase"]
[SourceDate "2012.02.29"]
[SourceVersion "1"]
[SourceVersionDate "2012.02.29"]
[SourceQuality "1"]

1. e4 c5 2. c3 e6 3. d4 a6 4. Nf3 d5 5. e5 Nc6 6. Be2 Qb6 7. 0-0 Nge7 8. b3 Ng6 9. Bb2 Bd7 10. Bd3 Rc8 11. Nbd2 cxd4 12. cxd4 Nb4 13. Bxg6 hxg6 14. Rc1 Nxa2 15. Rxc8+ Bxc8 16. Qc2 Bd7 17. Ba3 Bxa3 18. Qxa2 Be7 19. Rc1 Bc6 20. Nb1 g5 21. g4 Kd7 22. Nc3 Qb4 23. Na4 Bxa4 24. Qxa4+ Qxa4 25. bxa4 Rc8 26. Rxc8 Kxc8 27. Ne1 Kc7 28. Kf1 Kb6 29. Ke2 Ka5 30. Kd2 Kxa4 31. Kc2 Kb4 32. Kd3 Kb3 33. Nf3 a5 34. Nd2+ Kb2 35. f4 a4 36. Nf3 gxf4 37. h4 a3 38. Ng5 a2 39. Nh3 0-1

[Event "Palau 3rd"]
[Site "Koror"]
[Date "2011.12.14"]
[Round "1"]
[White "Marcos, Joselito"]
[Black "Garcia, Bernardo"]
[Result "1-0"]
[WhiteElo "2027"]
[BlackElo "1661"]
[PlyCount "83"]
[EventDate "2011.12.14"]
[EventType "tourn"]
[EventRounds "9"]
[EventCountry "AUS"]
[SourceTitle "CBM 146 Extra"]
[Source "ChessBase"]
[SourceDate "2012.02.29"]
[SourceVersion "1"]
[SourceVersionDate "2012.02.29"]
[SourceQuality "1"]

1. d4 d5 2. Nf3 Bg4 3. Ne5 Bh5 4. c4 f6 5. g4 fxe5 6. gxh5 dxc4 7. Qa4+ Nc6 8. Bg2 e6 9. Bxc6+ bxc6 10. Qxc6+ Kf7 11. Qf3+ Ke8 12. dxe5 Bb4+ 13. Bd2 Bxd2+ 14. Nxd2 Qd5 15. Nxc4 Rd8 16. Qxd5 exd5 17. Nd2 g5 18. Rc1 Rc8 19. h4 g4 20. Rg1 Nh6 21. Rc6 Nf7 22. Rxg4 Kd7 23. Rf6 Nxe5 24. Rg7+ Kd8 25. Re6 Re8 26. Rxe8+ Kxe8 27. Rxh7 Nf7 28. Nf3 Rd8 29. Ng5 Rd7 30. Rxf7 Rxf7 31. Nxf7 Kxf7 32. b4 c6 33. e3 Kg7 34. f3 Kh6 35. f4 Kxh5 36. f5 Kh6 37. a3 Kg7 38. h5 Kf6 39. h6 Kf7 40. a4 a6 41. a5 Kf6 42. e4 1-0